| 000 | 00564nam a2200157 a 4500 | ||
|---|---|---|---|
| 008 | 120416s1968 ||||||||||||||||| || u | ||
| 050 | _aHD 9506.U62 Par | ||
| 100 | _aPark, Charles Frederick | ||
| 245 | 1 | 0 | _aAffluence in jeopardy |
| 246 | _aminerals and the political economy | ||
| 260 |
_aSan Francisco _bW.H. Freeman _c1968 |
||
| 350 | _a0.00 | ||
| 650 | _aMINERAL ECONOMICS | ||
| 650 | 3 | _aMINERALS | |
| 995 |
_D0.00 _FCBU-MAIN LIBRARY (Kitwe) _H1 _I0.00 _M1 _UAVAILABLE _ZAnnex Low-Usage Collection |
||
| 999 |
_c33648 _d33648 |
||